000
00294nam a22001337a 4500
020
_a
9790130138407
041
_a
ENG
100
_a
Bedient.P.H
245
_a
Ground Water Contamination
260
_a
Delhi
_b
Prentice hall Ptr
_c
1995
300
_a
604
650
_a
IDE
856
_u
IDE ( 05 )
999
_c
1520
_d
1520